[Event "Wch Seniors 65 29th"]
[Site "Bucharest"]
[Date "2019.11.22"]
[Round "10"]
[White "Boda, Relu"]
[Black "Birkestrand, Odd"]
[Result "1-0"]
[WhiteElo "1591"]
[BlackElo "1771"]
[PlyCount "106"]
[EventDate "2019.11.12"]
[EventType "swiss"]
[EventRounds "11"]
[EventCountry "ROU"]
[SourceTitle "CBM 193 Extra"]
[Source "ChessBase"]
[SourceDate "2020.01.31"]
[SourceVersion "1"]
[SourceVersionDate "2020.01.31"]
[SourceQuality "1"]

1. e4 e5 2. Nc3 Nc6 3. Nf3 Be7 4. d4 exd4 5. Nxd4 Bf6 6. Be3 Nge7 7. f4 Bxd4 8. Bxd4 Nxd4 9. Qxd4 0-0 10. Bd3 Nc6 11. Qa4 d6 12. 0-0-0 Bd7 13. Qb3 Rb8 14. a3 Be6 15. Nd5 Nd4 16. Qc3 c5 17. Ne3 b5 18. f5 Bd7 19. e5 dxe5 20. Qxc5 f6 21. Qd5+ Kh8 22. c3 Qc7 23. Kb1 Bc6 24. Qa2 e4 25. Bf1 Qf4 26. Nd5 Bxd5 27. Qxd5 Rfd8 28. Qf7 Nxf5 29. Rxd8+ Rxd8 30. Bxb5 e3 31. Rf1 Qe4+ 32. Ka2 Qd5+ 33. Bc4 Qxf7 34. Bxf7 Nd6 35. Bh5 g6 36. Be2 Kg7 37. c4 Ne4 38. Rf3 Rd2 39. Rxe3 f5 40. Bf3 Rd4 41. Bxe4 fxe4 42. Kb3 Kf6 43. Kc3 Ke5 44. g3 Rd1 45. Kc2 Rd7 46. Kc3 a5 47. b4 axb4+ 48. axb4 Ra7 49. Kb3 Kd4 50. Re1 Kd3 51. c5 e3 52. c6 Kd2 53. Rb1 e2 1-0

[Event "Bad Woerishofen op 34th"]
[Site "Bad Woerishofen"]
[Date "2018.03.03"]
[Round "9"]
[White "Zwetz, Anita"]
[Black "Birkestrand, Odd"]
[Result "1-0"]
[WhiteElo "1842"]
[BlackElo "1699"]
[PlyCount "89"]
[EventDate "2018.02.23"]
[EventType "swiss"]
[EventRounds "9"]
[EventCountry "GER"]
[SourceTitle "EXT 2019"]
[Source "ChessBase"]
[SourceDate "2018.10.10"]
[SourceVersion "1"]
[SourceVersionDate "2018.10.10"]
[SourceQuality "1"]

1. d4 Nf6 2. Bg5 d5 3. Nf3 g6 4. e3 Bg7 5. Nbd2 0-0 6. Bd3 Bg4 7. h3 Bd7 8. Ne5 Nc6 9. Nxd7 Qxd7 10. c3 e5 11. dxe5 Nxe5 12. Bc2 Qb5 13. Nb3 Rad8 14. a4 Qa6 15. Nc5 Qc6 16. Nd3 Nxd3+ 17. Qxd3 d4 18. 0-0 dxc3 19. Qxc3 Qxc3 20. bxc3 h6 21. Bxf6 Bxf6 22. Ra3 Rd2 23. Be4 b6 24. a5 Be7 25. Raa1 Bc5 26. c4 Rfd8 27. axb6 Bxb6 28. Rfc1 c5 29. Kf1 R2d6 30. g4 Re8 31. Bd5 Kg7 32. Re1 g5 33. e4 f6 34. Re3 a5 35. Ke2 Re7 36. Kd3 Rdd7 37. Rb1 Bd8 38. Rb5 a4 39. Re2 a3 40. Rxc5 Ra7 41. Ra2 Bb6 42. Rb5 Bxf2 43. c5 Rec7 44. Rxf2 a2 45. Rxa2 1-0

[Event "Olomouc Summer op Seniors 20th"]
[Site "Olomouc"]
[Date "2017.08.12"]
[Round "1"]
[White "Chrenko, Peter"]
[Black "Birkestrand, Odd"]
[Result "1-0"]
[WhiteElo "1897"]
[BlackElo "1717"]
[PlyCount "79"]
[EventDate "2017.08.12"]
[EventType "swiss"]
[EventRounds "9"]
[EventCountry "CZE"]
[SourceTitle "CBM 180 Extra"]
[Source "ChessBase"]
[SourceDate "2017.10.06"]
[SourceVersion "1"]
[SourceVersionDate "2017.10.06"]
[SourceQuality "1"]

1. Nf3 d5 2. g3 g6 3. Bg2 Bg7 4. 0-0 Nf6 5. d3 0-0 6. Nbd2 Re8 7. e4 dxe4 8. dxe4 Nc6 9. c3 e5 10. Qc2 Be6 11. Rd1 Qe7 12. Nb3 Rad8 13. Be3 b6 14. Bf1 Bg4 15. Rxd8 Rxd8 16. Nbd2 h6 17. Bb5 Nb8 18. Nh4 Bh3 19. f3 Kh7 20. Be2 Nh5 21. Ng2 Nd7 22. Rf1 Rf8 23. Rf2 f5 24. exf5 Bxf5 25. Qa4 Be6 26. Ne4 a5 27. Bd3 Nhf6 28. Nh4 Bf7 29. Qc2 Nd5 30. Bc1 Kg8 31. a3 Nf4 32. Bf1 Be8 33. Kh1 g5 34. gxf4 gxh4 35. f5 Nf6 36. Rg2 Kh8 37. Bd3 Kh7 38. Qf2 Nxe4 39. Bxe4 Bf6 40. Qe3 1-0

[Event "Wch Seniors 65 26th"]
[Site "Marianske Lazne"]
[Date "2016.11.20"]
[Round "2"]
[White "Bakalar, Jan"]
[Black "Birkestrand, Odd"]
[Result "1/2-1/2"]
[WhiteElo "2033"]
[BlackElo "1703"]
[PlyCount "37"]
[EventDate "2016.11.19"]
[EventType "swiss"]
[EventRounds "11"]
[EventCountry "CZE"]
[SourceTitle "CBM 175 Extra"]
[Source "ChessBase"]
[SourceDate "2016.12.12"]
[SourceVersion "1"]
[SourceVersionDate "2016.12.12"]
[SourceQuality "1"]

1. Nf3 d5 2. g3 g6 3. Bg2 Bg7 4. d4 Nf6 5. c4 c6 6. Nc3 0-0 7. 0-0 Re8 8. Ne5 Be6 9. c5 Nbd7 10. f4 Qc8 11. Qa4 Nxe5 12. fxe5 Nh5 13. e4 dxe4 14. Nxe4 f6 15. exf6 Nxf6 16. Bg5 Nxe4 17. Bxe4 Qd7 18. Rad1 Bd5 19. Bxd5+ 1/2-1/2

[Event "Wch Seniors 65 26th"]
[Site "Marianske Lazne"]
[Date "2016.11.19"]
[Round "1"]
[White "Birkestrand, Odd"]
[Black "Dahlhaus, Friedhelm"]
[Result "1/2-1/2"]
[WhiteElo "1703"]
[BlackElo "2052"]
[PlyCount "67"]
[EventDate "2016.11.19"]
[EventType "swiss"]
[EventRounds "11"]
[EventCountry "CZE"]
[SourceTitle "CBM 175 Extra"]
[Source "ChessBase"]
[SourceDate "2016.12.12"]
[SourceVersion "1"]
[SourceVersionDate "2016.12.12"]
[SourceQuality "1"]

1. e4 e5 2. Nf3 Nc6 3. Bc4 Bc5 4. c3 Nf6 5. 0-0 Nxe4 6. Bd5 Nf6 7. Bxc6 dxc6 8. Nxe5 0-0 9. d4 Bd6 10. Bg5 c5 11. Nc4 Be6 12. Nxd6 Qxd6 13. dxc5 Qxc5 14. Bxf6 gxf6 15. Qf3 Qg5 16. Qg3 Rfd8 17. h4 Qxg3 18. fxg3 Rd3 19. Kh2 Kg7 20. Na3 Rd2 21. b3 Bd5 22. Rg1 Re8 23. Nb5 Ree2 24. Nd4 Rxg2+ 25. Rxg2 Rxg2+ 26. Kh3 Rf2 27. g4 c5 28. Nf5+ Kf8 29. Rd1 Bc6 30. Rd8+ Be8 31. Kg3 Rf1 32. Kg2 Rf4 33. Kg3 Rf1 34. Kg2 1/2-1/2

[Event "Bad Woerishofen Seniors op 32nd"]
[Site "Bad Woerishofen"]
[Date "2016.03.03"]
[Round "7"]
[White "Bartlitz, Heinz"]
[Black "Birkestrand, Odd"]
[Result "1/2-1/2"]
[WhiteElo "1659"]
[BlackElo "1746"]
[PlyCount "47"]
[EventDate "2016.02.26"]
[EventType "swiss"]
[EventRounds "9"]
[EventCountry "GER"]
[SourceTitle "EXT 2019"]
[Source "ChessBase"]
[SourceDate "2018.10.10"]
[SourceVersion "1"]
[SourceVersionDate "2018.10.10"]
[SourceQuality "1"]

1. e4 e5 2. Nf3 Nc6 3. Bb5 d6 4. c3 Bd7 5. d3 Be7 6. h3 Nf6 7. 0-0 0-0 8. Re1 a6 9. Ba4 h6 10. Nbd2 Nh7 11. Nf1 b5 12. Bb3 Na5 13. Bc2 Ng5 14. b4 Nb7 15. a4 Nxf3+ 16. Qxf3 Qe8 17. axb5 axb5 18. Bd2 Bf6 19. Qg3 Kh8 20. Bb3 Qe7 21. Be3 Be6 22. Bc2 g5 23. d4 c5 24. d5 1/2-1/2

[Event "Bad Woerishofen Seniors op 32nd"]
[Site "Bad Woerishofen"]
[Date "2016.03.02"]
[Round "6"]
[White "Birkestrand, Odd"]
[Black "Reichwald, Klaus Dieter"]
[Result "0-1"]
[WhiteElo "1746"]
[BlackElo "1852"]
[PlyCount "88"]
[EventDate "2016.02.26"]
[EventType "swiss"]
[EventRounds "9"]
[EventCountry "GER"]
[SourceTitle "EXT 2019"]
[Source "ChessBase"]
[SourceDate "2018.10.10"]
[SourceVersion "1"]
[SourceVersionDate "2018.10.10"]
[SourceQuality "1"]

1. e4 c5 2. c3 d6 3. d4 b6 4. d5 e5 5. Bb5+ Bd7 6. Be2 Nf6 7. Qc2 Be7 8. Nf3 0-0 9. 0-0 Qc8 10. c4 Na6 11. Bd2 Nc7 12. Nc3 Rb8 13. Rfc1 Ng4 14. h3 Nf6 15. Kh2 h6 16. Ng1 g5 17. g4 Nce8 18. Qd1 Ng7 19. Kg2 a6 20. a4 Kh7 21. f3 Rh8 22. h4 gxh4 23. g5 hxg5 24. Bxg5 Kg8 25. Qe1 h3+ 26. Kh2 Qd8 27. Be3 Nfh5 28. Bf2 Nf4 29. Bf1 Bg5 30. Rd1 Qf6 31. Nce2 Qg6 32. Bg3 Ngh5 33. Nxf4 Nxf4 34. Ne2 f6 35. Nxf4 exf4 36. Bf2 Kf7 37. Bd3 f5 38. Qd2 Rbg8 39. Qc2 Bh4 40. Bxh4 Rxh4 41. Rg1 Qg2+ 42. Rxg2 hxg2+ 43. Kg1 Rh1+ 44. Kf2 Rxa1 0-1

[Event "Bad Woerishofen Seniors op 32nd"]
[Site "Bad Woerishofen"]
[Date "2016.02.26"]
[Round "1"]
[White "Taufratshofer, Martin"]
[Black "Birkestrand, Odd"]
[Result "1-0"]
[WhiteElo "2009"]
[BlackElo "1746"]
[PlyCount "77"]
[EventDate "2016.02.26"]
[EventType "swiss"]
[EventRounds "9"]
[EventCountry "GER"]
[SourceTitle "EXT 2019"]
[Source "ChessBase"]
[SourceDate "2018.10.10"]
[SourceVersion "1"]
[SourceVersionDate "2018.10.10"]
[SourceQuality "1"]

1. e4 e5 2. Nc3 Nc6 3. f4 d6 4. Nf3 Nf6 5. Bb5 Bd7 6. d3 exf4 7. Bxf4 Be7 8. 0-0 0-0 9. Kh1 a6 10. Ba4 b5 11. Bb3 Na5 12. Qd2 Nxb3 13. axb3 Bc6 14. Ne2 Nd7 15. Ned4 Bb7 16. Nf5 Bf6 17. Bg5 Ne5 18. Bxf6 Qxf6 19. Ng5 h6 20. Nh3 Rfe8 21. Nf4 g5 22. Nh5 Qg6 23. Nfg7 Re6 24. Qe2 g4 25. Rf5 Rf8 26. Raf1 Nd7 27. Nxe6 fxe6 28. Rxf8+ Nxf8 29. Nf6+ Kg7 30. Nxg4 Nd7 31. Qf3 h5 32. Ne3 Ba8 33. Qf4 Bc6 34. Rf3 Qf6 35. Qg3+ Qg6 36. Qh4 Kh6 37. Rg3 Qf7 38. Qg5+ Kh7 39. Rh3 1-0

[Event "Berlin Lichtenberger op 14th"]
[Site "Berlin"]
[Date "2015.08.22"]
[Round "8"]
[White "Birkestrand, Odd"]
[Black "Dittrich, Hans Georg"]
[Result "1/2-1/2"]
[WhiteElo "1789"]
[BlackElo "1722"]
[PlyCount "28"]
[EventDate "2015.08.15"]
[EventType "swiss"]
[EventRounds "9"]
[EventCountry "GER"]
[SourceTitle "EXT 2016"]
[Source "ChessBase"]
[SourceDate "2015.10.08"]
[SourceVersion "1"]
[SourceVersionDate "2015.10.08"]
[SourceQuality "1"]

1. e4 e5 2. Nf3 Nc6 3. Bc4 Bc5 4. c3 Nf6 5. 0-0 Nxe4 6. Bd5 Nf6 7. Bxc6 dxc6 8. Nxe5 0-0 9. d4 Be7 10. Bf4 c5 11. Be3 Nd5 12. Nd2 cxd4 13. cxd4 c6 14. Nb3 Bd6 1/2-1/2

[Event "EU-ch Seniors 65 Blitz"]
[Site "Porto"]
[Date "2014.03.21"]
[Round "8"]
[White "Birkestrand, Odd"]
[Black "Alves, Fernando Pereira"]
[Result "0-1"]
[WhiteElo "1795"]
[BlackElo "1802"]
[PlyCount "90"]
[EventDate "2014.03.21"]
[EventType "swiss (blitz)"]
[EventRounds "9"]
[EventCountry "POR"]
[SourceTitle "EXT 2015"]
[Source "ChessBase"]
[SourceDate "2014.11.20"]
[SourceVersion "1"]
[SourceVersionDate "2014.11.20"]
[SourceQuality "1"]

1. e4 c5 2. c3 g6 3. Nf3 Bg7 4. d4 Qb6 5. dxc5 Qxc5 6. Be3 Qa5 7. Be2 Nc6 8. 0-0 d6 9. Nbd2 Nf6 10. Nb3 Qc7 11. Qc2 0-0 12. Rac1 Ng4 13. Bd4 Nxd4 14. Nbxd4 Qb6 15. h3 Ne5 16. Nb3 Bd7 17. Rfd1 Rac8 18. Qd2 Nc4 19. Bxc4 Rxc4 20. Nbd4 Rc7 21. Re1 Rfc8 22. Red1 Qa5 23. a3 a6 24. Kh1 b5 25. Nb3 Qb6 26. Nbd4 a5 27. Ne2 Be6 28. b4 a4 29. e5 dxe5 30. Nfg1 Rd7 31. Qb2 Rcd8 32. Rxd7 Rxd7 33. Ng3 Bb3 34. Re1 Rd5 35. Qe2 Bc4 36. Qe4 Qd6 37. N1e2 f5 38. Qb1 Bb3 39. Ng1 e4 40. Qc1 Rd1 41. Rxd1 Bxd1 42. Qe3 Qd3 43. Qxd3 exd3 44. Nf3 Bxf3 45. gxf3 d2 0-1

[Event "EU-ch Seniors 65 Blitz"]
[Site "Porto"]
[Date "2014.03.21"]
[Round "1"]
[White "Birkestrand, Odd"]
[Black "Gruzmann, Boris"]
[Result "0-1"]
[WhiteElo "1795"]
[BlackElo "2159"]
[PlyCount "102"]
[EventDate "2014.03.21"]
[EventType "swiss (blitz)"]
[EventRounds "9"]
[EventCountry "POR"]
[SourceTitle "EXT 2015"]
[Source "ChessBase"]
[SourceDate "2014.11.20"]
[SourceVersion "1"]
[SourceVersionDate "2014.11.20"]
[SourceQuality "1"]

1. e4 c5 2. c3 d5 3. exd5 Qxd5 4. d4 Nf6 5. dxc5 Qxd1+ 6. Kxd1 Ne4 7. b4 Nxf2+ 8. Ke1 Nxh1 9. Nf3 a5 10. a3 axb4 11. cxb4 Nc6 12. Bb2 f6 13. Bc4 e5 14. Kf1 Bg4 15. Nbd2 0-0-0 16. Kg1 h5 17. Kxh1 h4 18. h3 Bh5 19. Re1 Be8 20. Bc3 g6 21. Ne4 Be7 22. b5 Nd4 23. Ba5 Bxb5 24. Bxd8 Bxd8 25. Bxb5 Nxb5 26. a4 Na7 27. Nd6+ Kc7 28. Rd1 Be7 29. Ne4 g5 30. Rd2 Rd8 31. Rxd8 Bxd8 32. Kh2 Be7 33. g3 Nc6 34. gxh4 gxh4 35. Nxh4 Nd4 36. Kg2 Kc6 37. Ng6 Bd8 38. h4 Kd5 39. Nc3+ Ke6 40. Ne4 Kf5 41. h5 Kxe4 42. h6 f5 43. h7 Bf6 44. h8Q Bxh8 45. Nxh8 f4 46. Nf7 Ne6 47. Nd6+ Ke3 48. Nxb7 Ke2 49. c6 f3+ 50. Kg1 f2+ 51. Kh2 f1Q 0-1

[Event "EU-ch Seniors 65 Blitz"]
[Site "Porto"]
[Date "2014.03.21"]
[Round "9"]
[White "Santos, Julio Fernandes"]
[Black "Birkestrand, Odd"]
[Result "0-1"]
[WhiteElo "1935"]
[BlackElo "1795"]
[PlyCount "126"]
[EventDate "2014.03.21"]
[EventType "swiss (blitz)"]
[EventRounds "9"]
[EventCountry "POR"]
[SourceTitle "EXT 2015"]
[Source "ChessBase"]
[SourceDate "2014.11.20"]
[SourceVersion "1"]
[SourceVersionDate "2014.11.20"]
[SourceQuality "1"]

1. e4 e5 2. Nf3 Nc6 3. Bb5 d6 4. d4 Bd7 5. Bxc6 Bxc6 6. dxe5 Bxe4 7. exd6 Bxd6 8. Qe2 Nf6 9. Nc3 Qe7 10. Bg5 Bxf3 11. Qxe7+ Bxe7 12. gxf3 0-0-0 13. 0-0 h6 14. Bh4 g5 15. Bg3 c6 16. Be5 Rhe8 17. Rad1 Nd7 18. Bg7 h5 19. Rfe1 f6 20. Ne4 Rg8 21. Bh6 Rg6 22. Ng3 Bb4 23. c3 Bxc3 24. bxc3 Rxh6 25. Nf5 Rh7 26. Nd6+ Kc7 27. Re6 Ne5 28. Ne8+ Rxe8 29. Rxe8 Nxf3+ 30. Kg2 Ne5 31. Re6 Rf7 32. h3 h4 33. Rdd6 Nd7 34. Rd2 f5 35. Rg6 Nc5 36. f3 Na4 37. Rc2 Nc5 38. Rxg5 Nd3 39. Rd2 Nf4+ 40. Kh2 Re7 41. Rxf5 Nd5 42. c4 Ne3 43. Rf4 Nf1+ 44. Kg2 Nxd2 45. Rxh4 Rd7 46. Rf4 c5 47. h4 a6 48. h5 b5 49. cxb5 axb5 50. Kg3 c4 51. Kg4 c3 52. Rf5 Kb6 53. Rf6+ Kc5 54. Rf8 Nc4 55. Rc8+ Kd4 56. h6 c2 57. Kg5 c1Q+ 58. Kg6 Rd6+ 59. Kg7 Qxh6+ 60. Kf7 Qg6+ 61. Ke7 Qf6+ 62. Ke8 Re6+ 63. Kd7 Qe7# 0-1

[Event "EU-ch Seniors 65 Rapid"]
[Site "Porto"]
[Date "2014.03.20"]
[Round "8"]
[White "Alves, Fernando Pereira"]
[Black "Birkestrand, Odd"]
[Result "1-0"]
[WhiteElo "1802"]
[BlackElo "1875"]
[PlyCount "99"]
[EventDate "2014.03.19"]
[EventType "swiss (rapid)"]
[EventRounds "9"]
[EventCountry "POR"]
[SourceTitle "EXT 2015"]
[Source "ChessBase"]
[SourceDate "2014.11.20"]
[SourceVersion "1"]
[SourceVersionDate "2014.11.20"]
[SourceQuality "1"]

1. e4 e5 2. Nf3 Nc6 3. Bc4 Nf6 4. d4 exd4 5. e5 d5 6. Bd3 Bb4+ 7. Nbd2 Nd7 8. 0-0 0-0 9. a3 Be7 10. Re1 Nc5 11. Bf1 Bg4 12. h3 Bh5 13. Bb5 a6 14. Bxc6 bxc6 15. b4 Ne6 16. Nb3 Bxf3 17. Qxf3 Qb8 18. Bd2 Qb5 19. Qg4 g6 20. Nxd4 Nxd4 21. Qxd4 Rfd8 22. Be3 Qb7 23. Red1 Qc8 24. Kh1 Qf5 25. f3 f6 26. f4 Re8 27. Rf1 Rad8 28. c3 Qe6 29. Rae1 f5 30. Qa7 g5 31. Bd4 g4 32. Re3 Rd7 33. Qxa6 Qh6 34. Qd3 Rf8 35. a4 Rf7 36. a5 Qh4 37. a6 Rd8 38. a7 Qh5 39. Qa6 Ra8 40. Qb7 Rff8 41. Qxc7 Qe8 42. Ra1 Bd8 43. Qb7 Bh4 44. Ra6 Bf2 45. Re2 Bxd4 46. cxd4 gxh3 47. gxh3 Qh5 48. Raa2 Qxh3+ 49. Rh2 Qf3+ 50. Rag2+ 1-0

[Event "EU-ch Seniors 65 Rapid"]
[Site "Porto"]
[Date "2014.03.20"]
[Round "6"]
[White "Birkestrand, Odd"]
[Black "Santos, Julio Fernandes"]
[Result "1/2-1/2"]
[WhiteElo "1875"]
[BlackElo "1981"]
[PlyCount "106"]
[EventDate "2014.03.19"]
[EventType "swiss (rapid)"]
[EventRounds "9"]
[EventCountry "POR"]
[SourceTitle "EXT 2015"]
[Source "ChessBase"]
[SourceDate "2014.11.20"]
[SourceVersion "1"]
[SourceVersionDate "2014.11.20"]
[SourceQuality "1"]

1. e4 e5 2. Nf3 Nc6 3. Bc4 d6 4. d4 exd4 5. Nxd4 Nxd4 6. Qxd4 Qf6 7. Be3 Qxd4 8. Bxd4 Ne7 9. Nc3 c6 10. 0-0 Be6 11. Bxe6 fxe6 12. Rad1 d5 13. Rfe1 Kf7 14. Re3 h6 15. Rf3+ Kg8 16. Re1 Ng6 17. exd5 exd5 18. Re6 Nh4 19. Rf4 g5 20. Rxh4 gxh4 21. Bxh8 Kxh8 22. Ne2 Kg7 23. Nf4 Kf7 24. Re2 Bd6 25. Nd3 a5 26. c3 b5 27. Ne5+ Bxe5 28. Rxe5 Kf6 29. Rh5 Kg6 30. Rxh4 c5 31. Kf1 b4 32. Rg4+ Kf5 33. Rg7 bxc3 34. bxc3 Rb8 35. g4+ Ke4 36. Ra7 Kf3 37. Ke1 Rb1+ 38. Kd2 Rb2+ 39. Kd3 Rxa2 40. Rc7 c4+ 41. Kd4 Rd2+ 42. Ke5 Rd3 43. Ra7 Rxc3 44. Kxd5 Kxg4 45. Rxa5 h5 46. Rc5 Kh3 47. Rxc4 Rxc4 48. Kxc4 Kxh2 49. f4 Kg3 50. f5 h4 51. f6 h3 52. f7 h2 53. f8Q h1Q 1/2-1/2

[Event "EU-ch Seniors 65 14th"]
[Site "Porto"]
[Date "2014.03.15"]
[Round "7"]
[White "Scholz, Herbert"]
[Black "Birkestrand, Odd"]
[Result "1/2-1/2"]
[WhiteElo "1952"]
[BlackElo "1818"]
[PlyCount "78"]
[EventDate "2014.03.09"]
[EventType "swiss"]
[EventRounds "9"]
[EventCountry "POR"]
[SourceTitle "CBM 159 Extra"]
[Source "ChessBase"]
[SourceDate "2014.04.24"]
[SourceVersion "1"]
[SourceVersionDate "2014.04.24"]
[SourceQuality "1"]

1. d4 Nf6 2. Bg5 e6 3. e4 Be7 4. Bd3 0-0 5. Nd2 Nc6 6. c3 d6 7. f4 Ne8 8. Bxe7 Qxe7 9. Ne2 Qh4+ 10. g3 Qd8 11. Qc2 e5 12. d5 Ne7 13. 0-0-0 c6 14. c4 cxd5 15. exd5 f5 16. fxe5 dxe5 17. Nc3 e4 18. Be2 Ng6 19. Nb3 Qg5+ 20. Kb1 Nf6 21. Nd4 Ng4 22. h4 Qe3 23. Bxg4 fxg4 24. h5 Ne5 25. Nxe4 Nf3 26. Qd3 Qh6 27. Rdf1 Bd7 28. Nxf3 Rxf3 29. Rxf3 gxf3 30. Nf2 Rf8 31. Ka1 Qb6 32. Rf1 Bf5 33. Qd2 Qc5 34. b3 Re8 35. d6 Qe5+ 36. Qb2 Qe1+ 37. Qc1 Qe5+ 38. Qb2 Qe1+ 39. Qc1 Qe5+ 1/2-1/2

[Event "EU-ch Seniors 65 14th"]
[Site "Porto"]
[Date "2014.03.10"]
[Round "2"]
[White "Birkestrand, Odd"]
[Black "Milnes, Anthony CP"]
[Result "0-1"]
[WhiteElo "1818"]
[BlackElo "2064"]
[PlyCount "116"]
[EventDate "2014.03.09"]
[EventType "swiss"]
[EventRounds "9"]
[EventCountry "POR"]
[SourceTitle "CBM 159 Extra"]
[Source "ChessBase"]
[SourceDate "2014.04.24"]
[SourceVersion "1"]
[SourceVersionDate "2014.04.24"]
[SourceQuality "1"]

1. e4 e6 2. d4 d5 3. e5 c5 4. c3 Nc6 5. Nf3 Bd7 6. dxc5 Bxc5 7. Bd3 Nge7 8. b4 Bb6 9. 0-0 Ng6 10. Bxg6 hxg6 11. a4 Bc7 12. Qe2 Qb8 13. Re1 Ne7 14. Bf4 Nf5 15. Nd4 Bd8 16. Nxf5 gxf5 17. Qd2 Qc7 18. g3 Rc8 19. Bg5 0-0 20. Bf4 Be7 21. Be3 b6 22. Bd4 Bc6 23. Qd3 Qd7 24. b5 Bb7 25. Nd2 Rc7 26. f4 Rfc8 27. Rec1 Bc5 28. Nb3 Qe7 29. Kf2 g5 30. Qe3 g4 31. Bxc5 bxc5 32. Qd2 Qd7 33. Qe3 d4 34. cxd4 Qd5 35. Nxc5 Qg2+ 36. Ke1 Qh1+ 37. Kd2 Qxh2+ 38. Kc3 Bf3 39. Qe1 Bd5 40. Qg1 Qe2 41. Kb4 Qb2+ 42. Ka5 Qd2+ 43. Ka6 Bb7+ 44. Nxb7 Rxc1 45. Rxc1 Rxc1 46. Qxc1 Qxc1 47. Kxa7 Qc3 48. Nc5 Qxd4 49. Kb6 f6 50. Kc6 Qd5+ 51. Kb6 fxe5 52. a5 exf4 53. a6 fxg3 54. Nd7 Qxd7 55. a7 Qxa7+ 56. Kxa7 g2 57. b6 g1Q 58. Ka8 Qb1 0-1

[Event "Wch Seniors 23rd"]
[Site "Opatija"]
[Date "2013.11.20"]
[Round "8"]
[White "Yakovlev, Yuri S"]
[Black "Birkestrand, Odd"]
[Result "1-0"]
[WhiteElo "1951"]
[BlackElo "1819"]
[PlyCount "105"]
[EventDate "2013.11.12"]
[EventType "swiss"]
[EventRounds "11"]
[EventCountry "CRO"]
[SourceTitle "CBM 157 Extra"]
[Source "ChessBase"]
[SourceDate "2013.12.19"]
[SourceVersion "1"]
[SourceVersionDate "2013.12.19"]
[SourceQuality "1"]

1. e4 e5 2. Nf3 Nc6 3. Bc4 Nf6 4. d4 exd4 5. e5 d5 6. Bb5 Nd7 7. Bf4 Bc5 8. Bxc6 bxc6 9. Nxd4 Bxd4 10. Qxd4 0-0 11. 0-0 Re8 12. Nc3 Re6 13. Bg3 f6 14. exf6 Nxf6 15. Rfe1 Qe7 16. f3 c5 17. Qf4 c6 18. Rxe6 Bxe6 19. Re1 Re8 20. Qd6 Qxd6 21. Bxd6 Nd7 22. Na4 c4 23. Nc5 Nxc5 24. Bxc5 a6 25. Kf2 Bd7 26. Rxe8+ Bxe8 27. Ke3 Kf7 28. Kd4 Ke6 29. Bf8 g6 30. Kc5 Bd7 31. Kb6 d4 32. Kxa6 Kd5 33. Kb6 Bf5 34. a4 Bxc2 35. a5 d3 36. Bh6 Ba4 37. a6 c5 38. a7 Bc6 39. Be3 Ba8 40. Kc7 c3 41. bxc3 Kc4 42. Bd2 Kb3 43. Kd6 Kc2 44. Be1 c4 45. Kc5 Kb3 46. Kd4 h5 47. h4 Bb7 48. Ke3 Kc2 49. g4 Bxf3 50. Kxf3 d2 51. Bxd2 Kxd2 52. a8Q hxg4+ 53. Kxg4 1-0

[Event "Wch Seniors 23rd"]
[Site "Opatija"]
[Date "2013.11.19"]
[Round "7"]
[White "Tavcar, Rado"]
[Black "Birkestrand, Odd"]
[Result "1/2-1/2"]
[WhiteElo "1956"]
[BlackElo "1819"]
[PlyCount "67"]
[EventDate "2013.11.12"]
[EventType "swiss"]
[EventRounds "11"]
[EventCountry "CRO"]
[SourceTitle "CBM 157 Extra"]
[Source "ChessBase"]
[SourceDate "2013.12.19"]
[SourceVersion "1"]
[SourceVersionDate "2013.12.19"]
[SourceQuality "1"]

1. e4 e5 2. Nf3 Nc6 3. Bb5 d6 4. c3 Nf6 5. d3 Bd7 6. 0-0 Be7 7. Re1 0-0 8. h3 a6 9. Ba4 h6 10. Nbd2 Nh7 11. Nf1 Ng5 12. Bb3 Nxf3+ 13. Qxf3 Bg5 14. Ne3 Na5 15. Bc2 Be6 16. Nd5 Bxc1 17. Raxc1 Nc6 18. Ne3 Qg5 19. b3 Rac8 20. Rcd1 Ne7 21. d4 exd4 22. cxd4 Ng6 23. Qg3 Qxg3 24. fxg3 Ne7 25. g4 g6 26. Rf1 Kg7 27. Rd2 d5 28. Rdf2 c5 29. Nxd5 Nxd5 30. exd5 Bxd5 31. dxc5 Rxc5 32. Bb1 Rfc8 33. Rd2 Be6 34. Kf2 1/2-1/2

[Event "Wch Seniors 23rd"]
[Site "Opatija"]
[Date "2013.11.18"]
[Round "6"]
[White "Birkestrand, Odd"]
[Black "Hutchinson, Norman A"]
[Result "0-1"]
[WhiteElo "1819"]
[BlackElo "2106"]
[PlyCount "108"]
[EventDate "2013.11.12"]
[EventType "swiss"]
[EventRounds "11"]
[EventCountry "CRO"]
[SourceTitle "CBM 157 Extra"]
[Source "ChessBase"]
[SourceDate "2013.12.19"]
[SourceVersion "1"]
[SourceVersionDate "2013.12.19"]
[SourceQuality "1"]

1. e4 c6 2. d4 d5 3. e5 Bf5 4. Nf3 e6 5. Be2 Nd7 6. 0-0 Ne7 7. c3 Bg6 8. a3 c5 9. Nbd2 Nc6 10. Bb5 Qb6 11. Bxc6 bxc6 12. dxc5 Bxc5 13. Nb3 Be7 14. Be3 c5 15. Bc1 Rb8 16. Nbd2 c4 17. Qa4 Bc5 18. Nd4 Bxd4 19. cxd4 Qxd4 20. Nf3 Qb6 21. Be3 Qb7 22. Bc5 Qb5 23. Qxb5 Rxb5 24. Bxa7 Rxb2 25. Bd4 Rb3 26. Rfc1 0-0 27. a4 Nb8 28. a5 Na6 29. h3 Rc8 30. Rc3 Rcb8 31. Kh2 Kf8 32. Nd2 Rb2 33. Nf3 Rb1 34. Raa3 Ke8 35. Bb6 Kd7 36. Nd4 Ra8 37. Kg3 Nc7 38. Kh2 Nb5 39. Nxb5 Rxb5 40. Kg3 Kc6 41. Kf4 Rb1 42. Ke3 Kb5 43. Bc7 Ka6 44. Bb6 Re1+ 45. Kd2 Rxe5 46. Ra4 Bd3 47. Rb4 Re2+ 48. Kd1 Rb8 49. Ra4 Rb7 50. Ra1 Rb8 51. Rca3 e5 52. R3a2 Rxa2 53. Rxa2 c3 54. Ra3 d4 0-1